LEADER 03362oam 2200649I 450 001 9910464372103321 005 20200520144314.0 010 $a1-135-40892-0 010 $a1-135-40899-8 010 $a0-203-95551-X 024 7 $a10.4324/9780203955512 035 $a(CKB)3710000000056025 035 $a(EBL)1539079 035 $a(OCoLC)863823216 035 $a(SSID)ssj0001173636 035 $a(PQKBManifestationID)11977450 035 $a(PQKBTitleCode)TC0001173636 035 $a(PQKBWorkID)11104646 035 $a(PQKB)10116926 035 $a(MiAaPQ)EBC1539079 035 $a(Au-PeEL)EBL1539079 035 $a(CaPaEBR)ebr10797652 035 $a(CaONFJC)MIL762191 035 $a(OCoLC)862746058 035 $a(EXLCZ)993710000000056025 100 $a20180706d2004 uy 0 101 0 $aeng 135 $aur|n|---||||| 181 $ctxt 182 $cc 183 $acr 200 10$aPolitical economy from below $eeconomic thought in communitarian anarchism, 1840-1914 /$fRob Knowles 210 1$aNew York :$cRoutledge,$d2004. 215 $a1 online resource (449 p.) 225 1 $aStudies in new political economy 300 $aDescription based upon print version of record. 311 $a0-415-72632-8 311 $a0-415-94903-3 320 $aIncludes bibliographical references (pages 399-426) and index. 327 $aCover ; Title Page ; Copyright ; Contents; Acknowledgments; Foreword; Preface; Chapter One Introduction; Chapter Two Demanding the Possible: Unraveling the State and 'Economic Thought'; Chapter Three Pierre-Joseph Proudhon: From Caricatures to a Portrait; Chapter Four Pierre-Joseph Proudhon: 'A Continual Apostleship'; Chapter Five Positively Proudhon: His Economic Ideas; Chapter Six Pierre-Joseph Proudhon: The 'Agro-Industrial Federation'; Chapter Seven Alexander Herzen and Mikhail Bakunin: ""intelligentsia i narod"" 327 $aChapter Eight Elisee Reclus and Peter Kropotkin: Evolution and RevolutionChapter Nine Jean Grave: ""Society on the Morrow of the Revolution""; Chapter Ten Leo Tolstoy: The 'Ant Brotherhood' and the Green Stick; Chapter Eleven Conclusion: A Living Tradition; Notes; Bibliography; Index 330 $aCommunitarian anarchism is a generic form of socialism that denies the need for a state or any other authority over the individual from above, and which requires absolute belief that the individual cannot exist outside of a community of others. This book suggests that the communitarian anarchists of the nineteenth century developed and articulated a distinct tradition of economic thought. The period of this study begins with the first major writing of the French communitarian anarchist, Pierre-Joseph Proudhon, in 1840 and ends with the temporary burial of anarchist theorizing at the beginning 410 0$aNew political economy (New York, N.Y.) 606 $aAnarchism$xEconomic aspects 606 $aCommunitarianism$xEconomic aspects 608 $aElectronic books. 615 0$aAnarchism$xEconomic aspects. 615 0$aCommunitarianism$xEconomic aspects. 676 $a335/.83 700 $aKnowles$b Rob$f1946-,$0940388 801 0$bMiAaPQ 801 1$bMiAaPQ 801 2$bMiAaPQ 906 $aBOOK 912 $a9910464372103321 996 $aPolitical economy from below$92120689 997 $aUNINA LEADER 02868nam 2200613Ia 450 001 9911019856603321 005 20251116154811.0 010 $a1-282-23710-1 010 $a9786612237102 010 $a1-4443-1694-X 010 $a1-4443-1695-8 035 $a(CKB)1000000000790678 035 $a(EBL)454283 035 $a(SSID)ssj0000353876 035 $a(PQKBManifestationID)11233148 035 $a(PQKBTitleCode)TC0000353876 035 $a(PQKBWorkID)10302088 035 $a(PQKB)11032482 035 $a(MiAaPQ)EBC454283 035 $a(OCoLC)441894110 035 $a(EXLCZ)991000000000790678 100 $a20081022d2009 uy 0 101 0 $aeng 135 $aur|n|---||||| 181 $ctxt 182 $cc 183 $acr 200 00$aBasic cardiac electrophysiology for the clinician /$fJose Jalife ... [et al.] 205 $a2nd ed. 210 $aOxford ;$aHoboken, NJ $cWiley-Blackwell$d2009 215 $a1 online resource (358 p.) 300 $aDescription based upon print version of record. 311 08$a1-4051-8333-0 320 $aIncludes bibliographical references and index. 327 $aBasic Cardiac Electrophysiology for the Clinician, Second Edition; Contents; Acknowledgments; Foreword to the Second Edition; Foreword to the First Edition; Introduction; CHAPTER 1: Bioelectricity; CHAPTER 2: Ion Channels; CHAPTER 3: Ion Channel Regulation; CHAPTER 4: Impulse Initiation and Propagation in Cardiac Muscle; CHAPTER 5: Rate Dependency of Discontinuous Propagation; CHAPTER 6: Basic Mechanisms of Cardiac Arrhythmias; CHAPTER 7: Rotors, Spirals, and Scroll Waves in the Heart; CHAPTER 8: Rotors and the Mechanisms of Atrial Fibrillation 327 $aCHAPTER 9: Molecular Mechanisms of Ventricular FibrillationCHAPTER 10: Inheritable Arrhythmogenic Diseases; Bibliography; Index 330 $aThis book translates fundamental knowledge in basic cardiac electrophysiology from the bench to the bedside. Revised and updated for its second edition, the text offers new coverage of the molecular mechanisms of ion channel behavior and its regulation, complex arrhythmias, and the broadening roles of devices and ablation. Clear, straightforward explanations are illustrated by plentiful diagrams to make the material accessible to the non-specialist. 606 $aHeart$xElectric properties 606 $aElectrophysiology 606 $aArrhythmia 606 $aHeart conduction system 615 0$aHeart$xElectric properties. 615 0$aElectrophysiology. 615 0$aArrhythmia. 615 0$aHeart conduction system. 676 $a612.1/71 701 $aJalife$b Jose?$01840434 801 0$bMiAaPQ 801 1$bMiAaPQ 801 2$bMiAaPQ 906 $aBOOK 912 $a9911019856603321 996 $aBasic cardiac electrophysiology for the clinician$94419982 997 $aUNINA